Portuguese Dessert Vocabulary - Statistics

General Stats
  • This quiz has been taken 97 times
    95 since last reset
  • The average score is 13 of 36
Answer Stats
Hint Answer % Correct
chocolate chocolate
86%
icecream sorvete
81%
sugar açucar
79%
cake bolo
77%
pie torta
65%
pastry torta
65%
candy doce
61%
cookie biscoito
58%
cherry cereja
58%
cream creme
56%
custard creme
56%
caramel caramelo
54%
cinnamon canela
53%
vanilla baunilha
44%
cotton candy algodão-doce
37%
chocolate bar barra de chocolate
33%
jelly geléia
33%
peanut butter manteiga de amendoim
32%
lollipop pirulito
32%
cupcake bolinho
30%
muffin bolinho
30%
cheesecake bolo de queijo
28%
popsicle picolé
26%
jello gelatina
25%
candy bar barra de doce
23%
brown sugar açucar mascavo
21%
syrup calda
19%
donut rosca
19%
(icecream) cone casquinha
16%
frosting glacê
11%
licorice alcaçuz
7%
candy cane bastão de doces
5%
whipped cream creme batido
5%
jelly bean feijão de geléia
5%
chocolate chip gota de chocolate
4%
taffy puxa-puxa
4%
No matching quizzes found
Score Distribution
Percent of People with Each Score
Percentile by Number Answered
Your Score History
You have not taken this quiz since the last reset